000 00414nam a2200169Ia 4500
003 IT-RoPAU
008 120407s9999 xx 000 0 und d
040 _aIT-RoPAU
040 _cIT-RoPAU
245 _aAlzo zero. Provocazioni quotidiane per vincere l'isolamento in questo mondo tutto da rifare
245 _cAA.VV.
250 _aTorino
260 _aGribaudi
300 _c cm
490 _v1
942 _cBK
999 _c6628
_d6628